000 00312nam a2200133Ia 4500
005 20251222144854.0
008 251222s9999||||xx |||||||||||||| ||spa||
020 _a84-344-2629-3
082 _a370.1/S26T
100 _aSarramona, Jaume
245 0 _aTeoría de la Educación:
264 _bAriel
942 _cLIB
999 _c21733
_d21733